Chov oviec - perspektívne odvetvie poľnohospodárstva

Prezentácia vývojových tendencií vybraných komodít v chove oviec, súčasného stavu nášho ovčiarstva a jeho úlohy, ktoré je potrebné zabezpečiť po vstupe do EÚ. Počty oviec a bahníc v SR a v krajinách EÚ. Predaj jatočných jahniat v SR. Vývojové tendencie zahraničného obchodu a RCA ukazovateľa vo vybra...

Ausführliche Beschreibung

Gespeichert in:
Bibliographische Detailangaben
1. Verfasser: Hudáková, Ivana, 1976-
Format: Buchkapitel
Sprache:Slowakisch
Schlagworte:
Tags: Tag hinzufügen
Keine Tags, Fügen Sie das erste Tag hinzu!

MARC

LEADER 00000naa$a2200000$$$4500
001 0049620
005 20240502071556.1
041 0 |a slo 
044 |a SK 
245 1 0 |a Chov oviec - perspektívne odvetvie poľnohospodárstva  |c Ivana Hudáková 
520 |a Prezentácia vývojových tendencií vybraných komodít v chove oviec, súčasného stavu nášho ovčiarstva a jeho úlohy, ktoré je potrebné zabezpečiť po vstupe do EÚ. Počty oviec a bahníc v SR a v krajinách EÚ. Predaj jatočných jahniat v SR. Vývojové tendencie zahraničného obchodu a RCA ukazovateľa vo vybraných ovčích komoditách. Prínosy a riziká vstupu SR do EÚ. Odvetvie chovu oviec je konkurencieschopné a má perspektívu rozvoja. 
610 2 0 |a chov zvierat 
610 2 0 |a ovčiarstvo 
610 2 0 |a komodity 
610 2 0 |a mäso 
610 2 0 |a vlna 
610 2 0 |a obchod zahraničný 
610 2 0 |a konkurencieschopnosť 
610 2 0 |a Slovensko 
610 2 0 |a Európska únia 
100 1 |a Hudáková, Ivana, 1976-